| 000 | 01222nam a22003977a 4500 | ||
|---|---|---|---|
| 003 | CHAP | ||
| 005 | 20220817044148.0 | ||
| 008 | 070430d2005 it d rn 00110 eng d | ||
| 010 | _a93587 | ||
| 011 | _a94559 | ||
| 020 | _a9251053766 | ||
| 035 | _a105154 | ||
| 040 | _cCHAP | ||
| 082 | 0 | 4 |
_a639.2 _bF3 v.456 |
| 110 | 2 | _aFAO | |
| 245 | 1 | 0 |
_aResponsible fish trade and food security _c/by John Kurien |
| 260 |
_aRome : _bFAO, _c2005 |
||
| 300 |
_a102 p. : _bgráfs. ; tablas ; cuadros ; diag. |
||
| 410 | 2 | 1 | _aFAO |
| 490 | 0 |
_aDocumento técnico de pesca _v; 456 |
|
| 590 |
_aBATCH-UPD _b10 _c20130110 _lUCH01 _h1055 |
||
| 590 |
_aBATCH-UPD _b10 _c20130410 _lUCH01 _h0650 |
||
| 590 |
_aBATCH-UPD _b10 _c20130914 _lUCH01 _h0212 |
||
| 590 |
_aCONVERSION _b10 _c20130109 _lUCH01 _h1352 |
||
| 650 | 1 | 4 |
_aAlimentos _xInspección. _94239 |
| 650 | 1 | 4 |
_aAlimentos _xNormas de calidad. _94256 |
| 650 | 1 | 4 | _aPesca. |
| 650 | 1 | 4 |
_aPescado _xMercadeo. _987450 |
| 700 | 0 |
_aKurien, John. _964113 |
|
| 810 | 0 | _aFAO | |
| 830 | 0 | 0 |
_aDocumento técnico de pesca _v; 456 _933242 |
| 901 | _aBK | ||
| 905 | _aMarco A. Mendoza T. | ||
| 942 | _cLIBRO | ||
| 949 |
_a639.2 F3 v.456 _bBC _cFAO _d33724002031116 _eFAO1 _gDonaciØn _h108654 _i105154 _sb |
||
| 999 |
_c93587 _d93587 |
||